000 00890cam a22002653a 4500
001 4088
003 PGUSA
005 20140828083048.0
008 030501s2003||||xxu|||||s|||||000 | eng d
040 _aPGUSA
_beng
042 _adc
050 4 _aPR
100 1 _aLang, Andrew,
_d1844-1912
245 1 0 _aSir Walter Scott and the Border Minstrelsy
_h[electronic resource] /
_cAndrew Lang
260 _bProject Gutenberg,
_c2003
506 _aPublic domain in the USA.
516 _aElectronic text
653 _aScottish Borders (Scotland) -- In literature
653 _aBallads, Scots -- Scotland -- Scottish Borders -- History and criticism
653 _aPopular culture -- Scotland -- Scottish Borders
653 _aScott, Walter, Sir, 1771-1832 -- Knowledge -- Literature
830 0 _aProject Gutenberg
_v4088
856 4 0 _uhttp://www.gutenberg.org/ebooks/4088
942 _cEB
999 _c233417
_d233417